000 00242nam a2200109 4500
008 180802b xxu||||| |||| 00| 0 eng d
082 _a813.52
245 _aJesus Christ superstar
_cAAD
260 _c1970
300 _a2
_fCD
942 _2ddc
_cMX
999 _c46722
_d46722